LEADER 01214nam a2200277 4500 001 000000333805 003 CaOOAMICUS 005 20200408093656.0 008 190606s2007 fr 000 u fre r 020 $a978-2-227-47581-6 040 $aSeMil$bita 100 1 $aDanneels, Godfried,$c.$0(OLS)http://semarc/name/20644 245 11$a"N'éteignez pas le Souffle" /$ccardinal Godfried Danneels ; entretiens avec Dennis Gira. 264 1$aParis :$bBayard,$c2007. 300 $a207 p. ;$c21 cm. 650 4$aCristianesimo e civiltŕ contemporanea.$0(OLS)http://semarc/subject/18754 650 4$aDialogo - Culture.$0(OLS)http://semarc/subject/22047 650 4$aChiesa e mondo.$0(OLS)http://semarc/subject/8527 700 1 $aGira, Dennis,$d<1943- >.$0(OLS)http://semarc/name/4179 850 $aSeMil 852 $aSeMil$W1$xVenegono$y1$m3F VI 336$j213724$B226109$CSeMilBibl$Z2$F226109 $81 961 $aLorenzi don Ugo - Omaggio 996 $6020$a978-2-227-47581-6$9(OLS)http://semarc/number/287447 996 $6245$a"N'éteignez pas le Souffle"$9(OLS)http://semarc/title/423502 996 $6264$aParis :$bBayard$9(OLS)http://semarc/publisher/30832 LEADER 00929nam a2200241 i 4500 001 000000033902 003 CaOOAMICUS 005 20240405155753.0 008 071003s1987 it u000 u ita u 020 $a88-17-53084-0 040 $aSeMil$bita 100 1 $aBarbiellini Amidei, Gaspare <1934-2007>.$0(OLS)http://semarc/name/15413 245 12$aI nuovi ragazzi /$cGaspare Barbiellini Amidei. 260 $aMilano :$bRizzoli,$c1987. 300 $a188 p. ;$c22 cm. 650 4$aGiovani.$0(OLS)http://semarc/subject/6300 850 $aSeMil 852 $aSeMil$W1$xVenegono$y1$m2Q III 402$j248523$B57$CSeMilBibl$Z2$F57 $81 961 $aOmaggio: Biblioteca Seminario Duomo 996 $6020$a88-17-53084-0$9(OLS)http://semarc/number/1512 996 $6245$aI nuovi ragazzi$9(OLS)http://semarc/title/45533 996 $6260$aMilano :$bRizzoli$9(OLS)http://semarc/publisher/29824